Las actividades lúdicas y los juegos de video en el aprendizaje : (Record no. 63677)
[ view plain ]
| 000 -CABECERA | |
|---|---|
| campo de control de longitud fija | 02964nmm a22003497a 4500 |
| 001 - NÚMERO DE CONTROL | |
| campo de control | 046816 |
| 003 - IDENTIFICADOR DEL NÚMERO DE CONTROL | |
| campo de control | UAHC_CL |
| 005 - FECHA Y HORA DE LA ÚLTIMA TRANSACCIÓN | |
| campo de control | 20260505130812.0 |
| 007 - CAMPO FIJO DE DESCRIPCIÓN FÍSICA--INFORMACIÓN GENERAL | |
| campo de control de longitud fija | ta |
| 008 - DATOS DE LONGITUD FIJA--INFORMACIÓN GENERAL | |
| campo de control de longitud fija | 260505s2024 cl o d000 spspa d |
| 040 ## - FUENTE DE LA CATALOGACIÓN | |
| Centro catalogador/agencia de origen | UAHC_CL |
| Centro/agencia transcriptor | UAHC_CL |
| Centro/agencia modificador | UAHC_CL |
| 100 ## - ENTRADA PRINCIPAL--NOMBRE DE PERSONA | |
| Nombre de persona | Salinas Fres, Cristóbal |
| 9 (RLIN) | 23435 |
| 245 14 - MENCIÓN DE TÍTULO | |
| Título | Las actividades lúdicas y los juegos de video en el aprendizaje : |
| Resto del título | perspectivas etarias entre adolescentes y adultos 2024 |
| Mención de responsabilidad, etc. | Cristóbal I. Salinas Fres ; profesor guía Fabian E. González Calderón. |
| 264 ## - PRODUCCIÓN, PUBLICACIÓN, DISTRIBUCIÓN, FABRICACIÓN Y COPYRIGHT | |
| Producción, publicación, distribución, fabricación y copyright | Santiago, Chile : |
| Nombre del de productor, editor, distribuidor, fabricante | Universidad Academia de Humanismo Cristiano, |
| Fecha de producción, publicación, distribución, fabricación o copyright | 2024. |
| 300 ## - DESCRIPCIÓN FÍSICA | |
| Extensión | 54 páginas. |
| 500 ## - NOTA GENERAL | |
| Nota general | Tesis para optar al grado de Licenciado en Educación y al Título de Profesor en Educación Media de Historia y Ciencias Sociales. |
| 502 ## - NOTA DE TESIS | |
| Nota de tesis | Tesis (Pedagogía en Historia) -- Universidad Academia de Humanismo Cristiano, 2024. |
| 516 ## - NOTA DE TIPO DE ARCHIVO DE ORDENADOR O DE DATOS | |
| Nota de tipo de archivo de ordenador o de datos | Tesis electrónica (PDF). Solicitar envío de documento a biblioteca@academia.cl. |
| 520 ## - SUMARIO, ETC. | |
| Sumario, etc. | En el contexto educativo en el que vivimos, las actividades lúdicas y los videojuegos han ido tomando importancia como herramientas pedagógicas, demostrando su utilidad para fomentar el aprendizaje y el desarrollo integral de los estudiantes. Este trabajo tiene por objetivos: 1. Explicar de qué manera es usado un juego como herramienta en el aprendizaje y desarrollo de valores de los estudiantes. 2. Explorar la relación entre las actividades lúdicas, con el desarrollo de la persona y su entrada en la sociedad. También se aborda cómo estas dinámicas pueden adaptarse a la enseñanza de la historia, explorando sus beneficios desde una perspectiva tanto cognitiva como social e incluso etaria abarcando contrastes generacionales en establecimientos educacionales para niños y adolescentes, y los de adultos. Los juegos, al proporcionar un entorno atractivo y motivador, estimulan habilidades como la memoria, el trabajo en equipo, el pensamiento crítico y la colaboración. Ejemplos como Mitos y Leyendas y Time Line han mostrado ser efectivos al conectar a los estudiantes con contenidos históricos de manera significativa. Información que será contrastada con las entrevistas a estudiantes y como estos revelan sus observaciones respecto al uso de las actividades lúdicas demostrando que deben ser guiadas con cuidado por parte del docente a cargo o podrían desvirtuarse, además del uso de la tecnología en el contexto de las actividades lúdicas. |
| 650 #0 - PUNTO DE ACCESO ADICIONAL DE MATERIA--TÉRMINO DE MATERIA | |
| Término de materia o nombre geográfico como elemento de entrada | Enseñanza de la historia |
| 9 (RLIN) | 23436 |
| 650 #0 - PUNTO DE ACCESO ADICIONAL DE MATERIA--TÉRMINO DE MATERIA | |
| Término de materia o nombre geográfico como elemento de entrada | Métodos de enseñanza |
| 9 (RLIN) | 2225 |
| 650 #0 - PUNTO DE ACCESO ADICIONAL DE MATERIA--TÉRMINO DE MATERIA | |
| Término de materia o nombre geográfico como elemento de entrada | Tecnología educacional |
| 9 (RLIN) | 23437 |
| 650 #0 - PUNTO DE ACCESO ADICIONAL DE MATERIA--TÉRMINO DE MATERIA | |
| Término de materia o nombre geográfico como elemento de entrada | Aprendizaje activo |
| 9 (RLIN) | 23438 |
| 650 #0 - PUNTO DE ACCESO ADICIONAL DE MATERIA--TÉRMINO DE MATERIA | |
| Término de materia o nombre geográfico como elemento de entrada | Juegos educativos |
| 9 (RLIN) | 8514 |
| 650 #0 - PUNTO DE ACCESO ADICIONAL DE MATERIA--TÉRMINO DE MATERIA | |
| Término de materia o nombre geográfico como elemento de entrada | Desarrollo cognitivo |
| 9 (RLIN) | 6550 |
| 650 #0 - PUNTO DE ACCESO ADICIONAL DE MATERIA--TÉRMINO DE MATERIA | |
| Término de materia o nombre geográfico como elemento de entrada | Educación de adultos |
| 9 (RLIN) | 4339 |
| 650 #0 - PUNTO DE ACCESO ADICIONAL DE MATERIA--TÉRMINO DE MATERIA | |
| Término de materia o nombre geográfico como elemento de entrada | Innovaciones educativas |
| 9 (RLIN) | 907 |
| 653 ## - TÉRMINO DE INDIZACIÓN--NO CONTROLADO | |
| Término no controlado | Educación intergeneracional |
| 700 ## - PUNTO DE ACCESO ADICIONAL--NOMBRE DE PERSONA | |
| Nombre de persona | González Calderón, Fabián |
| 9 (RLIN) | 6109 |
| Término indicativo de función/relación | profesor guía |
| 900 ## - ELEMENTOS DE DATOS A LOCAL, LDA (RLIN) | |
| Nombre de persona | TPHIS 264 |
| 942 ## - ELEMENTOS DE PUNTO DE ACCESO ADICIONAL (KOHA) | |
| Tipo de ítem Koha | Tesis |
| Fuente del sistema de clasificación o colocación | Dewey Decimal Classification |
| Estado de retiro | Estado de pérdida | Estado dañado | No para préstamo | Código de colección | Carrera | Localización permanente | Ubicación/localización actual | Ubicación en estantería | Fecha de adquisición | Total de préstamos | Signatura topográfica completa | Fecha visto por última vez | Precio válido a partir de | Tipo de ítem Koha |
|---|---|---|---|---|---|---|---|---|---|---|---|---|---|---|
| Bibliografía Complementaria | Pedagogía en Historia y Ciencias Sociales | Biblioteca Central | Biblioteca Central | Colección Digital | 2026-05-05 | TPHIS 264 | 2026-05-05 | 2026-05-05 | Tesis |
